000 00820nam a2200253 a 4500
008
020 _a0471308269 (pbk.)
049 _aMAIN
090 _aHD30.413
245 0 0 _aExperiences in management and organizational behavior /
_cDonald D. Bowen ... [et al.].
246 3 0 _aManagement and organizational behavior
250 _a4th ed.
260 _aNew York :
_bJ. Wiley,
_cc1997.
300 _axi, 416 p. :
_bill. ;
_c23 cm.
504 _aIncludes bibliographical references.
650 0 _aManagement
_xProblems, exercises, etc.
650 0 _aOrganizational behavior
_xProblems, exercises, etc.
700 1 _aBowen, Donald D.
907 _a.b10073218
_b11-07-03
_c17-04-03
003
005 20230123133248.0
040 _cNUST
942 _cBOOKS
_kHD30.413
999 _c145533
_d145533